000 00908nai a22001937a 4500
003 OSt
005 20191221083615.0
008 160902b xxu||||| |||| 00| 0 eng d
040 _aBMC
_cBMC
082 _a343.07197284
245 0 0 _aEducación militar y cultura
_b: comando de doctrina y educación militar
_c[Nixón Duglas González Vásquez ...et al] , editor en jefe de revista
_pdiciembre
260 _aSan Salvador (El Salvador)
_bComando de Doctrina y Educación Militar
_c2016
300 _a60 p.
_bil.
_c28 cm
490 _aEducación militar y cultura
_v7
505 _aContiene: Cómo aprender otros idiomas.- Estrategia para el combate de los grupos criminales en El Salvador.- Reseña histórica sobre los orígenes de la ciudad de San Vicente.-
650 2 4 _921651
_aFuerzas armadas
_zEl Salvador
_xHistoria
700 1 _944162
_aGonzález Vásquez, Nixón Duglas
_cCnel. EA DEM
942 _2ddc
_cPR
999 _c30999
_d30999